000 00410nam a2200181Ia 4500
001 17446
005 20260306171518.0
008 260306s9999||||xx |||||||||||||| ||und||
041 _aESP
082 _a658
_bC95 T. 2
100 _aAlonso, Luis
_eAUT
245 0 _aTécnico en gestión II
260 _c2003
300 _a463 páginas :
_c
650 _aGEN
654 _aCAN
942 _cLIB
_dJUS
_fJUS
_2ddc
_n
999 _c17446
_d17446